01079nam a22001697a 4500999001700000005001700017008004000034080001800074245020900092264005400301300003400355653004600389653011800435700006600553942001200619952027800631 c60729d6072920231016130126.0231016s1982ru xxu||||| |||| 00| 0 rus  a9 (100) И-90 aИстория древнего мира. Часть II : Греция и Рим b Учебное пособие : факультетов пединститутов /cРед. А.Д. Бокщанина aМосква :b Просвещение, c1981.  a 431 стр.:bил.;c23 cm. a История древнего мира aძველი სამყაროს ისტორია საბერძნეთი და რომი aБокщанин, А. Д.eრედაქტორი920083 2udccBK 00102udc4069_100_И9070996063aCPLbCPLcGENd2023-10-16g7.00o9 (100) И-90p65328r2023-10-16t65328uბსუ-ს საპატიო დოქტორის გურამ ლორთქიფანიძის საჩუქარიw2023-10-16yBKz7.00